| 000 | 00878cam a22002174a 4500 | ||
|---|---|---|---|
| 005 | 20250605164231.0 | ||
| 008 | 250528s ||||||||||||||||||||||||d | ||
| 035 | _a20968 | ||
| 020 | _a9780415719254 | ||
| 040 |
_aGR-AtMCL _bgre _dGR-AtMCL _eAACR2 |
||
| 245 | 1 | _aThe Student Practitioner in the Early Childhood Studies / An Essential Guide to Working with Children | |
| 250 | _a1st | ||
| 260 |
_bRouledge, _c2014 |
||
| 300 | _a178 | ||
| 520 | _aIntroduction, The Student Practitioner, The Student as Researcher, The Emerging Practitioner, The Developing Practitioner, The Enabling Practitioner, The Critically Reflective Practitioner, The Student Practitioner Constructing a Professional Identity, The Student Practitioner as Future Leader, Index. | ||
| 700 | 1 |
_aHey Christine _96962 |
|
| 700 | 1 |
_aOates Ruby _96963 |
|
| 942 | _cBK | ||
| 999 |
_c6045 _d6045 |
||